Southville International School and Colleges
Your cart is empty.
  • Cart
  • Lists
    Public lists Eva Luna New books Lux_list list_1
    Your lists Log in to create your own lists
  • Log in to your account
  • Your cookies
  • Search history
Southville International School and Colleges
  • Advanced search
  • Recent comments
  • Most popular
  • Libraries

Log in to your account

Log in with GOOGLE


If you do not have an external account, but do have a local account, you can still log in:

  1. Home
  2. MARC view: Hospitality and catering
Normal view MARC view ISBD view

Hospitality and catering (Record no. 14440)

[ view plain ]
MARC details
000 -LEADER
fixed length control field 00555nam a22001697a 4500
003 - CONTROL NUMBER IDENTIFIER
control field PILC
005 - DATE AND TIME OF LATEST TRANSACTION
control field 20150112093432.0
008 - FIXED-LENGTH DATA ELEMENTS--GENERAL INFORMATION
fixed length control field 130226t xxu||||| |||| 00| 0 eng d
020 ## - INTERNATIONAL STANDARD BOOK NUMBER
International Standard Book Number 0304331848
050 ## - LIBRARY OF CONGRESS CALL NUMBER
Classification number TX 911.3 M27
Item number .J67 1997
082 ## - DEWEY DECIMAL CLASSIFICATION NUMBER
Classification number HSF 647.95068
Item number J726 1997
100 ## - MAIN ENTRY--PERSONAL NAME
Personal name Jones, Ursula
9 (RLIN) 13019
245 ## - TITLE STATEMENT
Title Hospitality and catering
Remainder of title a closer look /
Statement of responsibility, etc Ursula Jones and Shirley Newton, with Pauline Dixon ; foreword by Prue Leith
260 ## - PUBLICATION, DISTRIBUTION, ETC. (IMPRINT)
Place of publication, distribution, etc London
Name of publisher, distributor, etc Cassell
Date of publication, distribution, etc 1997.
300 ## - PHYSICAL DESCRIPTION
Extent 362 pages :
Other physical details illustration ;
Dimensions 25 cm.
942 ## - ADDED ENTRY ELEMENTS (KOHA)
Source of classification or shelving scheme Library of Congress Classification
Koha item type Books
Holdings
Withdrawn status Lost status Source of classification or shelving scheme Damaged status Home library Current library Shelving location Date acquired Total Checkouts Total Renewals Full call number Barcode Date last seen Date checked out Copy number Price effective from Koha item type
    Library of Congress Classification   Southville International School Affiliated with Foreign Universities Library Southville International School Affiliated with Foreign Universities Library Southville Foreign University Section 08/24/2013 1 59 TX 911.3.M27 .J67 1997 SFU0599 09/25/2018 09/14/2017 1 08/24/2013 Books

Hospitality and catering

APA

Jones U., . (1997). Hospitality and catering. London: Cassell.

Chicago

Jones Ursula, . 1997. Hospitality and catering. London: Cassell.

Harvard

Jones U., . (1997). Hospitality and catering. London: Cassell.

MLA

Jones Ursula, . Hospitality and catering. London: Cassell. 1997.

  • Place hold
  • Print
  • Cite
  • Add to your cart (remove)
  • Save record
    BIBTEX Dublin Core MARCXML MARC (non-Unicode/MARC-8) MARC (Unicode/UTF-8) MARC (Unicode/UTF-8, Standard) MODS (XML) RIS
  • More searches
    Search for this title in:
    Other Libraries (WorldCat) Other Databases (Google Scholar) Online Stores (Bookfinder.com) Open Library (openlibrary.org)

Exporting to Dublin Core...

SOUTHVILLE LIBRARY

Southville International School and Colleges Library

1281 Tropical Ave. Cor. Luxembourg St., BF Homes International, Las Pinas City

Tel. No. 8256374 / 252358 Loc. 117/146

Powered by Koha